01011nas a2200241Ia 4500001001100000003000900011008004100020040001300061040001300074041001300087100003800100210001400138222001400152245009700166250001100263260005000274501008600324300001000410310001200420362004100432500026000473650003600733R007/H9220IT-RoPAU151124c99999999xx |||||||||||| ||und|| aIT-RoPAU cIT-RoPAU aITALIANO aAA.VV. gCodice Aut. SPICS: 12000 aCINEFORUM aCineforum aCINEFORUM, ANNO 49-N.486 (LUGLIO/AGOSTO 2009)bCineforum, Anno 49-N.486 (Luglio/Agosto 2009) a1a ed. aBERGAMObFEDERAZIONE ITALIANA CINEFORUMc2009 bPaulus - SPICS - Società San Paolo EM (non-commercial uses only)cCopyright2015 a96 p. aMENSILE aANNO 049, N.486 (LUGLIO/AGOSTO 2009) aEditoriale: a Fondo di A. Piccardi. Antichrist di L. Von Trier: Caos e Caosmo di B. Fornara; Memento Mori di T. Porcelli; Provoco Dunque sono di L. Leone. Coraline e la Porta Magica di H. Selick: Malefica Illusione di F. Liberti; Solitudine Delle Bambole  aCINEMAvPUBBLICAZIONE PERIODICA